[Event "Panchenko Memorial-A 2020"]
[Site "Chelyabinsk"]
[Date "2020.09.14"]
[Round "8.6"]
[White "Bocharov, Dmitry"]
[Black "Lysyj, Igor"]
[Result "1/2-1/2"]
[WhiteElo "2524"]
[BlackElo "2594"]
[Annotator "TA"]
[PlyCount "115"]
[EventDate "2020.09.07"]
[EventType "swiss"]
[EventCountry "RUS"]
[SourceTitle "playchess.com"]
[Source "ChessBase"]
[SourceQuality "1"]

{[%evp 21,115,0,0,-3,0,0,0,-25,-13,-13,-24,-20,-15,-21,-22,-41,-34,-39,-39,-39,-40,-38,-38,-45,-45,-40,-43,-43,-44,-50,-34,-43,-37,-32,-33,-36,-38,-60,-52,-49,-33,-35,0,0,0,0,0,0,0,0,0,0,0,0,0,0,0,0,0,-37,0,0,0,-37,-37,-37,-37,-37,0,0,0,0,0,-80,0,0,0,-80,0,0,0,0,0,0,0,0,0,0,0,0,0,0,0,0,0,0]} 1. d4 Nf6 2. c4 e6 3. Nc3 Bb4 4. e3 O-O 5. Bd2 b6 6. Nf3 c5 7. Bd3 cxd4 8. exd4 Bb7 9. a3 Be7 10. O-O d5 11. cxd5 Nxd5 12. Re1 {E43: Nimzo-Indian: Rubinstein: 4...b6.} Nd7 13. Nxd5 Bxd5 14. Rc1 Rc8 15. Qe2 Rxc1 16. Rxc1 {[#]} Qb8 $146 ({Predecessor:} 16... Nf6 17. Ne5 Bb7 18. Qe3 Qd5 19. f3 b5 20. Be1 a6 21. Bf2 Bd8 22. Rc5 Qd6 {0-1 (36) Benbachir,K-Zpevakova,K (2252) ICCF email 2000}) 17. Ba6 Bd6 18. h3 Qa8 19. Be3 Nf6 20. Ne1 h6 21. Qf1 Be4 22. Bd3 Bb7 23. Ba6 $1 Nd5 24. Bxb7 Qxb7 25. Nf3 b5 26. Bd2 a6 27. Qd1 Rc8 28. Rxc8+ Qxc8 29. a4 Qc6 30. axb5 Qxb5 31. Qc2 g5 32. h4 g4 33. Ne5 Bxe5 34. dxe5 Qe2 35. g3 h5 36. b3 Ne7 37. Qc1 Nf5 38. Bc3 Qd3 39. b4 Kh7 40. Qe1 Ne7 41. Qc1 Nd5 42. Bd2 Qd4 43. Qb1+ Kg7 44. Qe1 Qd3 45. Qc1 Kh7 46. Be1 $1 Qe4 47. Qa1 (47. Bc3 $1 $11 {remains equal.}) 47... Qd3 ({Black should play} 47... Nxb4 $17 48. Bxb4 Qxb4 49. Qxa6 Qe1+ {[%mdl 64] Double Attack} 50. Kg2 Qe4+ 51. Kg1 Qxe5 52. Qd3+ Kg7) 48. Qc1 $11 Qe4 (48... Kg8 $11) 49. Qa1 $17 Nc7 (49... Kg7 $17) 50. Bd2 $11 {The position is equal.} Qd3 51. Qc1 Nb5 {[#] Hoping for ...Nd4.} 52. Be3 $1 Nc3 {White must now prevent ...Ne2+.} 53. Kh2 Nd5 54. Bc5 Qe4 55. Qa1 Qd3 56. Qc1 Qe4 57. Qa1 Qd3 58. Qc1 {Accuracy: White = 91%, Black = 86%.} 1/2-1/2

[Event "Panchenko Memorial-A 2020"]
[Site "Chelyabinsk"]
[Date "2020.09.14"]
[Round "8.7"]
[White "Timofeev, Artyom"]
[Black "Schekachikhin, Maksim"]
[Result "1-0"]
[WhiteElo "2580"]
[BlackElo "2406"]
[Annotator "TA"]
[PlyCount "69"]
[EventDate "2020.09.07"]
[EventType "swiss"]
[EventCountry "RUS"]
[SourceTitle "playchess.com"]
[Source "ChessBase"]
[SourceQuality "1"]

{[%evp 9,69,0,0,-6,0,-4,8,-22,-12,-17,-16,-16,3,-13,0,0,0,0,10,-6,13,13,9,9,22,29,30,12,35,29,127,121,115,108,117,107,121,108,112,95,175,119,116,112,132,132,188,193,212,208,406,408,414,424,424,403,419,352,29990,29987,29998,29999]} 1. e4 c5 2. Nc3 a6 3. Nf3 b5 4. d3 Bb7 5. Be2 e6 6. O-O {B28: Sicilian: 2 Nf3 a6 (O'Kelly Variation).} d6 7. Re1 Nf6 8. Bf1 {The position is equal.} Be7 9. Ne2 {[#]} Nc6 $146 ({Predecessor:} 9... Nbd7 10. Ng3 Nf8 11. c3 Ng6 12. d4 Rc8 13. a4 b4 14. cxb4 cxb4 15. a5 d5 {½-½ (41) Dobrotka,M (2195)-Meszaros,N (2149) Slovakia 2018}) 10. Ng3 h5 11. Ne2 e5 12. Bg5 Nh7 13. Bxe7 Qxe7 14. c3 h4 15. a4 b4 16. d4 cxd4 (16... h3 $5) 17. cxd4 a5 18. d5 Nb8 19. Nc1 $36 {[%mdl 2048] White has some pressure.} Ba6 (19... O-O $11 {remains equal.}) 20. Bxa6 $16 Rxa6 21. h3 O-O 22. Nb3 Ng5 23. Rc1 Nxf3+ 24. Qxf3 ({Reject} 24. gxf3 $6 Nd7 $11) 24... Qe8 (24... Ra8 $16) 25. Ra1 (25. Rc7 $18) 25... Nd7 26. Rec1 Nf6 27. Rc7 Qd8 (27... Ra8 $16 28. Rc6 Qe7) 28. Rac1 $18 Nd7 {Black hopes to continue with ...Nc5.} 29. Rb7 Rb6 $2 {[#]} (29... Nf6 30. Qe2 Ra8) 30. Ra7 Nc5 31. Nxc5 dxc5 32. Rxc5 Qg5 33. Qf5 Qd2 $2 (33... Qxf5 $18 34. exf5 Rf6 35. Rcxa5 Rc8) 34. Rc8 {[%mdl 64] [#] Overworked Piece} Rxc8 35. Qxf7+ {[%mdl 64] Double Attack. Accuracy: White = 91%, Black = 68%.} 1-0

[Event "Panchenko Memorial-A 2020"]
[Site "Chelyabinsk"]
[Date "2020.09.15"]
[Round "9.3"]
[White "Predke, Alexandr"]
[Black "Timofeev, Artyom"]
[Result "1/2-1/2"]
[WhiteElo "2684"]
[BlackElo "2580"]
[Annotator "TA"]
[PlyCount "138"]
[EventDate "2020.09.07"]
[EventType "swiss"]
[EventCountry "RUS"]
[SourceTitle "playchess.com"]
[Source "ChessBase"]
[SourceQuality "1"]

{[%evp 9,138,29,25,29,30,24,16,16,37,35,16,28,15,3,9,13,12,8,7,0,20,7,25,26,36,6,44,24,31,27,66,41,61,58,55,0,66,59,98,110,88,-7,-7,-7,-7,-7,-7,-7,-7,-7,-7,-7,-7,-7,0,0,0,0,18,18,18,18,18,18,4,0,25,16,24,0,0,-7,-7,-7,0,0,0,0,0,-7,0,-7,0,0,0,-7,0,-14,0,0,0,0,0,0,0,0,0,0,-4,-12,0,-89,0,0,0,0,0,0,0,0,0,0,0,0,0,0,0,0,0,0,0,0,0,0,0,0,0,0,0,0,12598]} 1. d4 d5 2. c4 e6 3. Nf3 a6 4. Bg5 Be7 5. Bxe7 Qxe7 6. Nbd2 {D30: Queen's Gambit Declined: Systems without Nc3.} Nf6 7. g3 O-O 8. Bg2 Nbd7 9. O-O c5 10. cxd5 exd5 {[#]} 11. a4 $146 ({Predecessor:} 11. dxc5 Nxc5 12. Nd4 Bg4 13. N2b3 b6 14. Rc1 Rac8 15. h3 Bd7 16. Qd2 a5 17. Rfd1 Kh8 18. Re1 Kg8 19. Red1 Kh8 20. Re1 Kg8 21. Red1 {½-½ (21) Mchedlishvili,M (2567)-Lugovskoy,M (2466) Dhaka 2019}) 11... a5 12. Nb1 b6 13. Nc3 Bb7 14. Qb3 Rfd8 15. Rfd1 Rac8 16. e3 h6 17. Rac1 c4 18. Qa3 (18. Qc2 {looks sharper.} g6 19. Qb1 Kg7 20. Nd2 Qb4 21. Qc2) 18... Qxa3 19. bxa3 Kf8 20. Nd2 Bc6 21. f3 Ne8 22. Rb1 ({White should try} 22. Rc2 $14) 22... f5 ({Black should play} 22... Bxa4 $11 23. Nxa4 c3) 23. Rf1 $14 Nef6 {[#]} 24. Bh3 $1 g6 25. Bg2 (25. e4 $1 $16) 25... Kg7 $11 26. h3 h5 27. h4 Re8 28. Rfe1 Re7 29. Kf2 Rce8 30. Rb2 Re6 31. Ndb1 R6e7 32. Bf1 Kf8 33. Nb5 Bxb5 34. Rxb5 Re6 $1 35. Nc3 Rd6 36. Ne2 Rc8 37. Nf4 Kf7 38. Reb1 Rcc6 39. Be2 Nf8 40. Bd1 Ne6 41. Ne2 Ke7 (41... Nc7 $5 42. R5b2 $8 Nd7 $11) 42. Nc3 Nc7 43. R5b2 Re6 44. Rd2 Kd8 45. Ne2 {With the idea Nf4.} Nfe8 46. Bc2 Rf6 47. Nc3 Rce6 48. Re2 Re7 49. Kg2 Rd6 50. e4 dxe4 51. fxe4 fxe4 52. Bxe4 Nf6 53. Bf3 Rxe2+ 54. Bxe2 Ncd5 55. Nd1 {[#]} (55. Nxd5 $11 Nxd5 56. Rc1) 55... Ng4 (55... Ne4 $1 $17 56. Ra1 (56. Bxc4 $2 Nd2 $19 {[%mdl 64] Double Attack}) 56... c3) 56. Rc1 {The position is equal.} Nde3+ 57. Nxe3 Nxe3+ {[%mdl 4096] Endgame KRB-KRN} 58. Kf2 Nf5 59. Rxc4 Nxd4 60. Bd3 Nb3 61. Ke3 Nc5 62. Rd4 Rxd4 63. Kxd4 Nxd3 64. Kxd3 {KP-KP} Kd7 65. Kc4 {Kd5 is the strong threat.} Kc6 66. Kd4 Kd6 67. Kc4 Kc6 68. Kd4 Kd6 69. Kc4 Ke5 $2 {[%mdl 40960] Accuracy: White = 91%, Black = 89%. . An unexpected result.} (69... Kc6 $11) 1/2-1/2

[Event "Panchenko Memorial-A 2020"]
[Site "Chelyabinsk"]
[Date "2020.09.15"]
[Round "9.4"]
[White "Chigaev, Maksim"]
[Black "Demidov, Mikhail"]
[Result "1-0"]
[WhiteElo "2588"]
[BlackElo "2519"]
[Annotator "TA"]
[PlyCount "99"]
[EventDate "2020.09.07"]
[EventType "swiss"]
[EventCountry "RUS"]
[SourceTitle "playchess.com"]
[Source "ChessBase"]
[SourceQuality "1"]

{[%evp 9,99,41,53,40,42,41,48,46,49,36,43,23,24,13,12,13,18,17,31,11,1,9,6,0,1,0,19,-2,0,0,0,0,0,0,0,0,14,0,0,-10,0,0,0,0,0,0,13,14,44,0,16,0,30,0,14,0,66,67,114,111,119,126,169,127,132,119,481,452,551,551,395,549,524,516,618,625,608,633,984,830,1179,776,776,776,1489,1417,1641,1481,29986,1617,1564,1310]} 1. e4 g6 2. d4 Bg7 3. Nf3 d6 4. Bc4 e6 5. Bb3 b6 6. O-O {B06: Modern Defence.} Ne7 7. Re1 Nd7 8. a4 $5 {[%mdl 4] White is slightly better. A promising side line.} a6 9. Nbd2 {[%cal Bb1d2,Bd2f1,Bf1g3][%mdl 32]} Bb7 10. Nf1 c5 11. c3 O-O 12. Ng3 {[#]} cxd4 $146 ({Predecessor:} 12... Qc7 13. Bg5 Rae8 14. Qd2 c4 15. Bc2 e5 16. Rad1 f6 17. Be3 Rd8 18. h4 d5 19. dxe5 Nxe5 20. Nxe5 fxe5 21. exd5 Rxd5 {1-0 (76) Aguero Jimenez,L (2405)-Movsziszian,K (2502) Sabadell 2016}) 13. cxd4 Rc8 14. Be3 Nf6 15. Bc2 Nc6 16. h3 Nb4 17. Bb1 Qc7 18. Ra3 Nc2 19. Rc3 Nxe1 20. Rxc7 Nxf3+ 21. Qxf3 Rxc7 22. Bd3 Re8 23. Qe2 Ra8 24. Kh2 Bc6 25. b3 Bb7 26. Qd2 Nd7 27. Ne2 Rac8 28. Bh6 Bh8 29. Be3 {[%mdl 1024] White has compensation.} Bg7 30. Bh6 Bh8 31. Be3 Bg7 32. Bh6 Bxh6 (32... Bh8 $1 $11) 33. Qxh6 $14 e5 34. f3 exd4 35. Nxd4 Rc5 36. Bc4 {And now Ne6! would win.} d5 37. exd5 $40 {[%mdl 192] [#] Overworked Piece. White wants a kill.} Bxd5 $2 {[%mdl 8192] Loses the game.} (37... b5 $16 38. axb5 axb5) 38. Bxa6 $18 Ra8 39. b4 Rc7 40. Qf4 Rca7 41. Bb5 Kg7 42. Qg5 Ba2 43. Bc6 Rxa4 44. Bxd7 Rxb4 45. Qe5+ Kg8 46. Nc6 Rh4 47. g4 Rh6 48. Kg3 Bb1 49. g5 (49. Ne7+ $142 Kf8 50. Nd5 Kg8 51. Bc6 Rd8 {[#]} 52. Qf6 $1 {[%mdl 512]} g5 53. Qxh6 Rxd5 54. Bxd5) 49... Rh5 50. Bg4 {Accuracy: White = 86%, Black = 62%.} 1-0

[Event "Panchenko Memorial-A 2020"]
[Site "Chelyabinsk"]
[Date "2020.09.15"]
[Round "9.5"]
[White "Ponkratov, Pavel"]
[Black "Goganov, Aleksey"]
[Result "1-0"]
[WhiteElo "2631"]
[BlackElo "2565"]
[Annotator "TA"]
[PlyCount "71"]
[EventDate "2020.09.07"]
[EventType "swiss"]
[EventCountry "RUS"]
[SourceTitle "playchess.com"]
[Source "ChessBase"]
[SourceQuality "1"]

{[%evp 14,71,19,19,22,15,33,24,37,12,9,0,0,0,36,31,35,29,40,26,33,40,24,22,60,41,77,47,38,40,45,36,35,0,0,0,20,-3,0,0,0,0,0,0,444,431,448,461,460,442,431,259,426,423,389,360,452,402,343,329]} 1. d4 Nf6 2. c4 g6 3. Nc3 d5 4. cxd5 Nxd5 5. Bd2 Bg7 6. e4 Nxc3 7. Bxc3 O-O 8. Qd2 c5 {[%cal Rc5d4] D85: Exchange Grünfeld: Unusual White 7th moves and lines with 7 Nf3.} 9. d5 Bxc3 10. bxc3 Qd6 {White has an edge.} 11. f4 e6 12. Nf3 exd5 {[#]} 13. Bc4 $1 {[%mdl 512]} Nd7 {[%cal Bb8d7,Bd7b6,Bb6c4][%mdl 32]} (13... dxc4 14. Qxd6) 14. Bxd5 {[#]} Qa6 $146 ({Predecessor:} 14... Qe7 15. O-O Nb6 16. c4 Be6 17. Qc3 Bxd5 18. exd5 Qe4 19. Nd2 Qf5 20. Rae1 Rae8 {½-½ (53) Koudounis,V (1930)-Heimann,A (2633) Paleochora 2020}) 15. c4 Nb6 $1 16. O-O Nxc4 17. Qd3 Be6 18. Bxe6 Qxe6 19. Ng5 Qa6 20. Qh3 {[%csl Gg5][%cal Rh3h7][%mdl 1024] White has strong compensation.} h5 21. e5 Qa3 22. Rf3 $1 {[%cal Rf3a3]} Qb2 23. Rd1 Qe2 ({Of course not} 23... Qxa2 $6 24. e6 $16) 24. Rfd3 Rae8 ({But not} 24... Qxa2 $2 25. e6 $18) 25. Rd7 Re7 {Threatens to win with ...Rxd7.} 26. Qd3 Qxd3 27. R1xd3 Rxd7 28. Rxd7 $11 {[%mdl 4096] Endgame KRN-KRN} f6 $2 {[%mdl 8192]} (28... Nb6 $11 {and Black is okay.} 29. Rxb7 c4) 29. Nh7 $18 Rf7 30. Nxf6+ Kf8 {[#]} 31. Rd8+ $1 Kg7 32. Rg8+ Kh6 33. h3 {Intending g4 and mate.} h4 34. Kf2 b5 35. Kf3 a5 36. Ke4 {Accuracy: White = 93%, Black = 85%.} 1-0

[Event "Panchenko Memorial-A 2020"]
[Site "Chelyabinsk"]
[Date "2020.09.15"]
[Round "9.6"]
[White "Nesterov, Arseniy"]
[Black "Fedoseev, Vladimir"]
[Result "1/2-1/2"]
[WhiteElo "2517"]
[BlackElo "2678"]
[Annotator "TA"]
[PlyCount "120"]
[EventDate "2020.09.07"]
[EventType "swiss"]
[EventCountry "RUS"]
[SourceTitle "playchess.com"]
[Source "ChessBase"]
[SourceQuality "1"]

{[%evp 9,120,40,45,35,38,31,20,4,31,23,27,22,18,27,23,26,35,8,15,2,8,0,0,0,22,20,17,14,26,15,34,52,57,35,52,0,0,0,6,0,0,0,0,0,0,0,4,0,0,0,10,10,10,10,10,9,10,7,7,10,10,10,11,0,0,0,0,0,0,0,0,0,0,0,0,0,0,0,0,0,0,0,0,0,0,0,0,0,0,0,0,0,0,0,17,17,17,17,18,18,18,17,17,17,18,0,0,0,18,18,18,17,33]} 1. d4 d5 2. c4 e6 3. Nf3 h6 4. Nc3 Nf6 5. Bf4 Bb4 6. Qb3 {D37: Queen's Gambit Declined: 5 Bf4.} c5 7. dxc5 Nc6 {[#]} 8. cxd5 $146 ({Predecessor:} 8. Bd2 O-O 9. e3 Bxc5 10. cxd5 exd5 11. Be2 d4 12. exd4 Nxd4 13. Nxd4 Bxd4 14. Rd1 {½-½ (49) Alves Garcia,E (1999)-Gonzalez Cuervo,E (2113) Martorell 2018}) 8... exd5 9. e3 O-O 10. Be2 Be6 11. Nd4 Bxc5 12. Nxe6 fxe6 13. O-O Rf7 14. Bg3 Bd6 15. Rad1 Bxg3 16. hxg3 Qf8 17. e4 dxe4 18. Qxe6 {[#] Strongly threatening Bc4.} Kh8 19. Qd6 Qe8 20. Nd5 Nxd5 21. Qxd5 {And now Bh5 would win.} Re7 22. Bb5 (22. Qc5 $14) 22... Rc8 {The position is equal.} 23. Qc5 a6 24. Bxc6 Rxc6 25. Qe3 Rc2 26. Rd2 Rec7 27. Rfd1 Kh7 28. Qe2 (28. f3 {looks sharper.} R2c4 29. Re1 Qe5 30. b3 Rc2 31. Ree2) 28... R2c5 29. Rd4 Qg6 30. Qxe4 Qxe4 31. Rxe4 $11 {[%mdl 4096] Endgame KRR-KRR} Rc2 32. Rb4 Rf7 33. Rf1 b5 34. a4 Rb7 35. axb5 Rxb5 36. Rxb5 axb5 {KR-KR} 37. Rb1 b4 38. b3 Rc3 39. Kf1 Kg6 40. Ke2 Kf5 41. Kd2 h5 42. Rh1 g6 43. Rh4 {[#] Black must now prevent Rf4+.} Rxb3 44. Kc2 Ra3 {Threatens to win with ...Ra2+.} 45. Rxb4 Ra1 46. Rb1 Ra2+ 47. Rb2 Ra1 48. Kd3 g5 49. Rb5+ Kg6 50. Rb2 Kf5 51. f3 Kg6 52. Ke3 Ra3+ 53. Kf2 Ra4 54. Rb6+ Kg7 55. Re6 Ra2+ 56. Re2 Ra4 57. Re4 Ra2+ 58. Kg1 Ra1+ 59. Kh2 Kf6 60. g4 h4 {Accuracy: White = 98%, Black = 98%.} 1/2-1/2

[Event "Panchenko Memorial-A 2020"]
[Site "Chelyabinsk"]
[Date "2020.09.15"]
[Round "9.7"]
[White "Lysyj, Igor"]
[Black "Salemgareev, Tagir"]
[Result "1-0"]
[WhiteElo "2594"]
[BlackElo "2461"]
[Annotator "TA"]
[PlyCount "135"]
[EventDate "2020.09.07"]
[EventType "swiss"]
[EventCountry "RUS"]
[SourceTitle "playchess.com"]
[Source "ChessBase"]
[SourceQuality "1"]

{[%evp 9,135,18,27,22,27,27,27,27,25,27,30,30,33,29,34,29,34,33,40,44,32,38,40,21,43,22,29,29,29,29,29,10,10,6,8,7,15,0,0,29,61,81,115,131,225,161,225,221,220,220,224,217,213,213,221,154,145,153,158,170,241,240,347,174,181,170,297,276,325,320,325,316,379,369,789,789,789,662,662,662,763,750,29950,2359,29951,29954,29955,29954,29960,29959,29956,29955,29961,29954,29952,29957,29957,29955,12806,4906,29962,29963,29966,29968,29967,29965,29962,29963,29969,29971,29976,29977,29979,29980,29979,29980,29980,29974,29987,29982,29978,29976,29991,29986,29985,29986,29986,29987]} 1. d4 Nf6 2. c4 e6 3. Nf3 d5 4. Nc3 a6 5. cxd5 exd5 6. Bg5 {D37: Queen's Gambit Declined: 5 Bf4.} Be6 7. e3 Nbd7 8. Bd3 {White has an edge.} Bd6 9. O-O c6 10. Bf4 Qc7 11. Qd2 $5 {[%mdl 4] An interesting side line.} h6 12. Rfe1 O-O 13. h3 {[#]} Nh5 $146 {[%cal Rh5f4]} ({Predecessor:} 13... c5 14. Bxd6 Qxd6 15. e4 dxe4 16. Nxe4 Qb6 17. Nxc5 Nxc5 18. dxc5 Qxc5 19. Rac1 Qb6 20. a4 Rad8 21. a5 Qd6 {½-½ (21) Deforel,J (2247)-Gridasov,A ICCF email 2014}) 14. Bxd6 Qxd6 15. b4 Nhf6 16. Qb2 b6 17. a4 a5 18. b5 c5 19. Rad1 Rac8 20. e4 c4 21. Bb1 {aiming for e5.} Qb4 22. Qc1 {e5 is the strong threat.} dxe4 23. Bxe4 Nxe4 24. Rxe4 Nf6 25. Re5 Rfd8 {Black wants to play ...Nd5.} 26. d5 Nxd5 (26... Bd7 $16 27. Rde1 Qd6) 27. Nxd5 Bxd5 (27... Qxa4 $142 28. Nc3 Rxd1+ 29. Nxd1 Rd8) 28. Rexd5 Rxd5 29. Rxd5 Qxa4 30. Ne5 {Threatens to win with Qf4.} c3 {Hoping for ...Qe4.} 31. Nc6 $1 {[%cal Rc6e7]} (31. Nd7 c2 $17) 31... Qb3 32. Rd3 Qxb5 33. Rxc3 {Strongly threatening Ne7+.} Re8 34. Rg3 Kh8 (34... Qd5 $142 35. Qxh6 g6) 35. Kh2 $18 a4 {[#]} (35... Qf5 $142 36. Qb2 Qf6) 36. Nd4 (36. Qc3 $142 $1 {[%csl Gg3][%cal Rc3g7]} f6 37. Qc2) 36... Qe5 37. Qc4 a3 {[#]} (37... Qf4 {keeps fighting.}) 38. Nc2 $1 ({Less strong is} 38. Qxf7 a2 $16) 38... Ra8 39. f4 ({And not} 39. Qxf7 a2 $11) 39... Qb2 40. Rb3 ({Not} 40. Qxf7 a2 $11) 40... Qa2 41. Qc3 Qxc2 $2 (41... Kg8 42. Rxb6 Qd5 43. Nxa3 Ra4) 42. Qxc2 a2 43. Rb1 $1 {[%cal Rb1a1]} axb1=Q 44. Qxb1 {[%mdl 4096] Endgame KQ-KR} Rf8 45. Qxb6 f5 46. Qe6 (46. Qg6 $142 Kg8 47. h4 Rf6 48. Qe8+ Kh7 49. h5 Rb6 50. Qe5 Rf6 51. Kg3) 46... Rf6 47. Qe7 Kh7 48. Kg3 Kg6 49. Qe8+ Kh7 50. Kf3 Rb6 51. Qf7 Rf6 52. Qd7 Kg6 53. Qe8+ Kh7 54. Qc8 Kg6 55. Ke3 {White mates.} Rd6 56. Qe8+ Kh7 57. Qf7 Rf6 58. Qd7 Kg6 59. Kd4 Ra6 60. Ke5 {[%csl Ge5][%cal Rd7f5]} Ra5+ 61. Ke6 Ra6+ 62. Ke7 Rf6 63. Qd3 Kh5 64. g3 Kg6 65. g4 h5 66. gxf5+ Kh6 67. Qe4 Kh7 68. Qe6 {[%mdl 64] Promotion. Accuracy: White = 85%, Black = 55%.} 1-0